000 01636 a2200217 4500
001 59429
005 20260407155848.0
008 260407a2005 arg spa d
003 AR-UNSa-BCEJYS
040 _aAR-UNSa-BCEJYS
_bspa
_cAR-UNSa-BCEJYS
080 _a339.92
_xCooperación económica internacional. Integración económica internacional
245 1 0 _aFomentar la coordinación de las políticas económicas en América Latina
_pEl método REDIMA para salir del dilema del prisionero
020 _a92-1-322680-2
264 1 _aSantiago de Chile :
_bCEPAL (Comisión Económica para América Latina y el Caribe)
_c2005
300 _a174 p.
_c23 cm.
505 _a1. "Lo que queda del día" en términos de teorías - 2. “Lo que le viento se llevó” en los intentos de coordinación internacional – 3. Historia del surgimiento del polo monetario europeo como resultado de la coordinación de las políticas económicas – 4. Filosofía general del modelo europeo de coordinación – 5. Principios generales derivados de casos concretos de coordinación – 6. Aplicabilidad en América Latina: el método REDIMA – 7. Tres obstáculos fundamentales para la cooperación – 8. Algunas orientaciones básicas para salir del “dilema del prisionero” en América Latina: la economía política de REDIMA – 9. Conclusiones operacionales: como aplicar las orientaciones de cooperación de REDIMA para enfrentar la inestabilidad macroeconómica en América Latina – 10. El experimento REDIMA I (2000-2003)
041 _aspa
942 _cBK
590 _aniveau_biblio:m niveau_hierar:0
100 1 _aGhymers, Christian
999 _c6683
_d6683